000 00666nam a2200241Ia 4500
005 20260430150117.0
008 008 250103s9999 xx 000 0 eng d
037 _aTheses
040 _aCRL
040 _beng
040 _ceng
041 _2eng
041 _aeng
084 _qCRL
100 _aThareja Rashi Au.; Panda Shiba C. Gu.; Ravinder Kumar Gu.
_91236491
245 0 _aSuccessful women entrepreneurs in india: A study of factors anf traits
260 _c2021
300 _a340p.
650 _aCommerce
700 _aUniversity of Delhi. Faculty of Commerce and Business. Department of Commerce
942 _cTH
999 _c1848973
_d1848973